000 00692nam a2200289Ia 4500
005 20260324143219.0
008 008 260324s9999 xx 000 0 eng d
020 _a9780203052495
037 _aEBOOK
040 _aCRL
040 _beng
040 _cCRL
041 _2eng
041 _aeng
084 _qCRL
100 _aCathy Collins; John N. Mangieri
_91214810
245 0 _aTeaching Thinking
245 3 _bAn Agenda for the Twenty-first Century
260 _bTaylor and Francis
260 _c1992
365 _a
365 _b230
856 _uhttp://www.taylorfrancis.com/books/9780203052495
942 _cEBOOK
999 _c1819937
_d1819937